Entrepreneurship: (Record no. 10425)
[ view plain ]
| 000 -LEADER | |
|---|---|
| fixed length control field | 00620nam a22001577a 4500 |
| 008 - FIXED-LENGTH DATA ELEMENTS--GENERAL INFORMATION | |
| fixed length control field | 180829b ||||| |||| 00| 0 eng d |
| 020 ## - INTERNATIONAL STANDARD BOOK NUMBER | |
| International Standard Book Number | 9789719654483 |
| 082 ## - DEWEY DECIMAL CLASSIFICATION NUMBER | |
| Edition number | 2017 |
| Classification number | DK12 338.04 |
| Item number | Ag97 |
| 100 ## - MAIN ENTRY--PERSONAL NAME | |
| 9 (RLIN) | 30601 |
| Personal name | Agustin-Acierto, Marife |
| 245 ## - TITLE STATEMENT | |
| Title | Entrepreneurship: |
| Remainder of title | K to 12 Basic Education Curriculum Senior High School- Applied Track Subject/ |
| Statement of responsibility, etc. | Marife Agustin-Acierto |
| 260 ## - PUBLICATION, DISTRIBUTION, ETC. (IMPRINT) | |
| Place of publication, distribution, etc. | Intramuros, Manila: |
| Name of publisher, distributor, etc. | Unlimited Books Library Services & Publishing Inc., |
| Date of publication, distribution, etc. | c2017. |
| 300 ## - PHYSICAL DESCRIPTION | |
| Extent | iii, 492 pages; |
| Dimensions | 26 cm. |
| 500 ## - GENERAL NOTE | |
| General note | includes bibliography and webliography. |
| 650 #0 - SUBJECT ADDED ENTRY--TOPICAL TERM | |
| 9 (RLIN) | 30604 |
| Topical term or geographic name as entry element | Entrepreneurship. |
| 942 ## - ADDED ENTRY ELEMENTS (KOHA) | |
| Source of classification or shelving scheme | Dewey Decimal Classification |
| Koha item type | Books |
| Withdrawn status | Lost status | Source of classification or shelving scheme | Damaged status | Not for loan | Collection code | Home library | Current library | Date acquired | Source of acquisition | Total Checkouts | Full call number | Barcode | Date last seen | Copy number | Cost, replacement price | Price effective from | Koha item type | Shelving location | Date last checked out |
|---|---|---|---|---|---|---|---|---|---|---|---|---|---|---|---|---|---|---|---|
| Dewey Decimal Classification | K-12 | UM Digos College - LIC | UM Digos College - LIC | 08/16/2018 | Purchased | DK12 338.04 Ag97 2017 | 25080 | 05/15/2025 | 1 | 795.00 | 08/29/2018 | Books | |||||||
| Dewey Decimal Classification | K-12 | UM Digos College - LIC | UM Digos College - LIC | 08/16/2018 | Purchased | 3 | DK12 338.04 Ag97 2017 | 25081 | 05/15/2025 | 2 | 795.00 | Books | Book Cart | 02/28/2020 | |||||
| Dewey Decimal Classification | K-12 | UM Digos College - LIC | UM Digos College - LIC | 08/16/2018 | Purchased | 4 | DK12 338.04 Ag97 2017 | 25082 | 05/15/2025 | 3 | 795.00 | 08/29/2018 | Books | Book Cart | 09/09/2020 |
